Military relationship and media (Record no. 395462)

MARC details
000 -LEADER
fixed length control field 00524 a2200193 4500
005 - DATE & TIME
control field 20260204145731.0
008 - FIXED-LENGTH DATA ELEMENTS--GENERAL INFORMATION
fixed length control field 260204b |||||||| |||| 00| 0 eng d
020 ## - ISBN
International Standard Book Number 9789394384514
Price Rs. 1650.00
040 ## - CATALOGING SOURCE
Original cataloging agency VIVEKANANDA LIBRARY
082 ## - DDC NUMBER
Classification number 355.033
Book Number R636M
100 ## - MAIN ENTRY--PERSONAL NAME
Personal name Rohtagi, Ramesh
245 ## - TITLE STATEMENT
Title Military relationship and media
260 ## - PUBLICATION, DISTRIBUTION, ETC. (IMPRINT)
Name of publisher, distributor, etc Saddle Publishers
Date of publication, distribution, etc 2022
Place of publication, distribution, etc Delhi
300 ## - PHYSICAL DESCRIPTION
Pages viii, 264
650 ## - Subject
Subject Militarty Science
650 ## - Subject
Subject Military and Society
650 ## - Subject
Subject Military Relations- Media
942 ## - ADDED ENTRY ELEMENTS (KOHA)
Koha item type Books
Holdings
Withdrawn status Lost status Source of classification or shelving scheme Damaged status Not for loan Location (home branch) Sublocation or collection (holding branch) Shelving location Date acquired Koha issues (times borrowed) Koha full call number Accession No. Koha date last seen Koha item type
    Dewey Decimal Classification     VIVEKANANDA LIBRARY VIVEKANANDA LIBRARY Vivekananda Library 06/01/2026   355.033 R636M 444081 06/01/2026 Books
© Designed and Maintained by Vivekananda Library, MDU Rohtak